Southville International School and Colleges
Your cart is empty.
  • Cart
  • Lists
    Public lists Eva Luna New books Lux_list list_1
    Your lists Log in to create your own lists
  • Log in to your account
  • Your cookies
  • Search history
Southville International School and Colleges
  • Advanced search
  • Recent comments
  • Most popular
  • Libraries

Log in to your account

Log in with GOOGLE


If you do not have an external account, but do have a local account, you can still log in:

  1. Home
  2. MARC view: Getting ready to read and write /
Normal view MARC view ISBD view

Getting ready to read and write / (Record no. 102440)

[ view plain ]
MARC details
000 -LEADER
fixed length control field 00492nam a2200181 a 4500
005 - DATE AND TIME OF LATEST TRANSACTION
control field 20140412111236.0
008 - FIXED-LENGTH DATA ELEMENTS--GENERAL INFORMATION
fixed length control field 001120s19uu xx 00 eng d
020 ## - INTERNATIONAL STANDARD BOOK NUMBER
International Standard Book Number 1-85270-018-1
050 ## - LIBRARY OF CONGRESS CALL NUMBER
Classification number TR(GS 372.4
Item number S3 1987
100 ## - MAIN ENTRY--PERSONAL NAME
Personal name Salt, Jane
245 ## - TITLE STATEMENT
Title Getting ready to read and write /
Statement of responsibility, etc Jane Salt.
260 ## - PUBLICATION, DISTRIBUTION, ETC. (IMPRINT)
Place of publication, distribution, etc [s.l.] :
Name of publisher, distributor, etc Octopus Pub. Grp,
Date of publication, distribution, etc 1987.
300 ## - PHYSICAL DESCRIPTION
Extent 32 p. ; col.
440 ## - SERIES STATEMENT/ADDED ENTRY--TITLE
Title The Parent and child programme
650 ## - SUBJECT ADDED ENTRY--TOPICAL TERM
Topical term or geographic name as entry element Reading
650 ## - SUBJECT ADDED ENTRY--TOPICAL TERM
Topical term or geographic name as entry element Writing
Holdings
Withdrawn status Lost status Damaged status Home library Current library Shelving location Date acquired Total Checkouts Full call number Barcode Date last seen Price effective from Koha item type
      Elizalde Library Elizalde Library Teachers Reference Section 11/20/2000   TR(GS 372.4 S3 1987 E1753 04/12/2014 04/12/2014 Books

Getting ready to read and write /

APA

Salt J., . (1987). Getting ready to read and write. [s.l.]: Octopus Pub. Grp.

Chicago

Salt Jane, . 1987. Getting ready to read and write. [s.l.]: Octopus Pub. Grp.

Harvard

Salt J., . (1987). Getting ready to read and write. [s.l.]: Octopus Pub. Grp.

MLA

Salt Jane, . Getting ready to read and write. [s.l.]: Octopus Pub. Grp. 1987.

  • Place hold
  • Print
  • Cite
  • Add to your cart (remove)
  • Save record
    BIBTEX Dublin Core MARCXML MARC (non-Unicode/MARC-8) MARC (Unicode/UTF-8) MARC (Unicode/UTF-8, Standard) MODS (XML) RIS
  • More searches
    Search for this title in:
    Other Libraries (WorldCat) Other Databases (Google Scholar) Online Stores (Bookfinder.com) Open Library (openlibrary.org)

Exporting to Dublin Core...

SOUTHVILLE LIBRARY

Southville International School and Colleges Library

1281 Tropical Ave. Cor. Luxembourg St., BF Homes International, Las Pinas City

Tel. No. 8256374 / 252358 Loc. 117/146

Powered by Koha